Responses for Show #9177 - Tuesday, October 8, 2024

Mark Fitzpatrick game 3.

Contestants

[<< previous game]

Gino Montoya, an attorney from Albuquerque, New Mexico

Andrew Miller, an auto claims adjuster from Bristol, Connecticut

Mark Fitzpatrick, a content manager from Riverside, Connecticut (whose 2-day cash winnings total $50,401)

[next game >>]

Jeopardy! Round responses

OREGON
GET "OUT" OF THE CLUE
SONNETS & SONNETEERS
AUTO-MAKIN' BRANDS
WHAT'S MY MOTIVATION?
GOING APE AT THE MOVIES
    $200 28
Nike

Andrew!
    $200 29
a stakeout

Andrew!
    $200 30
Shakespeare

Gino
    $200 17
Chevy

Gino
    $200 23
Exxon & Mobil

Andrew!
    $200 18
the Empire State Building

Mark
    $400 27
Ducks

Andrew!
    $400 26
a router

Andrew!
    $400 24
a nun

Mark
    $400 16
Tesla

Andrew!
    $400 22
incentive

Gino
    $400 4
LeBlanc

Mark
    $600 6
Fungus

Andrew!
    $600 13
outpatient

Andrew!
    $600 11
(Ken: That's [*], after dark.)

Elizabeth Barrett Browning

Triple Stumper
    $600 15
Kia

Andrew!
    $600 21
drive

Mark
    $600 3
Alexander

Mark
    $800 5
(Andrew!: What's the Bend?)
(Gino: What is the Columbia?)

the Willamette

Andrew!Gino
Triple Stumper
    $800 12
The Outer Limits

Mark
    $800 9
Orpheus

Mark
    $800 8
Rolls-Royce

Mark
    $800 20
(Mark: What's the tree of life?)

the tree of knowledge (of good and evil)

Mark
Triple Stumper
    $800 2
Clint Eastwood

Gino
    $1000 25
(Mark: Who is Astor?)
...
(Ken: That's the right tycoon, but the city is [*].)

Astoria

Mark
Triple Stumper
    $1000 14
a roustabout

Gino
    $1000 10
Death Be Not Proud

Mark
    $1,000 7
Hyundai

Andrew!
    $1000 19
middle management

Triple Stumper
    $1000 1
The Jungle Book

Mark

Scores at the first commercial break (after clue 15):

Mark Andrew! Gino
$5,400 $2,000 $1,000

Scores at the end of the Jeopardy! Round:

Mark Andrew! Gino
$4,800 $3,800 $1,800

Double Jeopardy! Round responses

PEOPLE OF THE BIBLE
HISTORIC NAMES
15-LETTER WORDS
THE FRENCH MASTERS
A PENNY FOR YOUR THOUGHTS
20th CENTURY SONG, 21st CENTURY AD
    $400 30
(Andrew!: Who is Judas?)

(Doubting) Thomas

Andrew!Gino
    $400 12
Gutenberg

Mark
    $400 28
extracurricular

Mark
    $400 29
Cubism

Triple Stumper
    $400 27
Chicken Little

Gino
    $400 26
Grease

Gino
    $800 18
Saul

Gino
    $800 11
Portugal

Gino
    $800 23
(Gino: What is... [*]?)
(Ken: Can you say it again?)

conservatorship

Gino
    $800 19
(Mark: What's a canal?)
(Ken: Can you be more specific?)

the Panama Canal

Mark
    $800 24
(Mark: What's a ruler?)

nails

MarkGino
    $800 25
Neil Diamond

Gino
    $1200 13
(Ken: That's [*], oldest guy in the Bible.)

Methuselah

Triple Stumper
    $1200 10
Kublai Khan

Andrew!
    $3,000 20
photojournalism

Mark
    $1200 5
Degas

Gino
    $1200 6
Penny Marshall

Gino
    $1200 7
The Police

Gino
    $1600 14
Jeremiah

Triple Stumper
    $1600 8
Draco

Gino
    $1600 21
marginalization

Triple Stumper
    $1600 15
Matisse

Mark
    $1600 4
The Threepenny Opera

Gino
    $1600 2
hit me with your best shot

Gino
    $2000 17
Malta

Mark
    $2000 9
Æthelred

Mark
    $2000 22
transfiguration

Mark
    $3,000 16
George Sand

Mark
    $2000 3
a Penny Black

Mark
    $2000 1
The Velvet Underground

Gino

Scores at the end of the Double Jeopardy! Round:

Mark Andrew! Gino
$21,200 $4,600 $17,400

[wagering suggestions for these scores]

Final Jeopardy! Round responses

WORLD FLAGS
(Ken: Now, this one might be tough because it's actually not a nation of the world; we're talking about the flag of [*], those 12 stars in a circle.)
Andrew!What is Australia?
$417
GinoWhat is ?
$17,400
MarkWhat is Liberia
$13,601
the European Union

Final scores:

Mark Andrew! Gino
$7,599 $4,183 $0
3-day champion: $58,000 2nd place: $3,000 3rd place: $2,000

Game dynamics:

Coryat scores:

Mark Andrew! Gino
$18,400 $4,600 $17,400
20 R
(including 2 DDs),
3 W
11 R
(including 1 DD),
2 W
20 R,
1 W

Combined Coryat: $40,400

[game clues] [game scores] [suggest correction]

Game tape date: 2024-06-05
The J! Archive is created by fans, for fans. Scraping, republication, monetization, and malicious use prohibited; this site may use cookies and collect identifying information. See terms. The Jeopardy! game show and all elements thereof, including but not limited to copyright and trademark thereto, are the property of Jeopardy Productions, Inc. and are protected under law. This website is not affiliated with, sponsored by, or operated by Jeopardy Productions, Inc. Join the discussion at JBoard.tv.